Capital of Pakistani Provinces - Statistics

General Stats
  • This quiz has been taken 150 times
  • The average score is 6 of 7
Answer Stats
Type Name Capital % Correct
Federal Capital Territory Islamabad Capital Territory Islamabad
100%
province Sindh Karachi
90%
Province Punjab Lahore
90%
Province Balochistan Quetta
83%
Autonomous Territory Khyber Pakhtunkhwa Peshawar
77%
Province Gilgit-Baltistan Gilgit
67%
Autonomous Territory Azad Jammu and Kashmir Muzaffarabad
57%
No matching quizzes found
Score Distribution
Percent of People with Each Score
Percentile by Number Answered
Your Score History
You have not taken this quiz